Antirrimas de la luna (Record no. 198517)

MARC details
000 -LEADER
campo de control de longitud fija 00870nam a22002654a 4500
001 - NÚMERO DE CONTROL
campo de control 198517
005 - FECHA Y HORA DE LA ÚLTIMA TRANSACCIÓN
campo de control 20260624233817.0
008 - DATOS DE LONGITUD FIJA--INFORMACIÓN GENERAL
campo de control de longitud fija 260624b2026 sp ||||| |||| 00| 0 spa d
017 ## - NÚMERO DE COPYRIGHT O DE DEPÓSITO LEGAL
Número de copyright o de depósito legal M 10719-2026
020 ## - NÚMERO INTERNACIONAL ESTÁNDAR DEL LIBRO
Número Internacional Estándar del Libro 979-13-87751-09-8
040 ## - FUENTE DE CATALOGACIÓN
Lengua de catalogación spa
Centro/agencia transcriptor ES-MaACL
100 1# - ENTRADA PRINCIPAL--NOMBRE DE PERSONA
Nombre de persona Perán Elvira, Antonio,
Fechas asociadas al nombre 1954-
9 (RLIN) 176407
245 ## - MENCIÓN DEL TÍTULO
Título Antirrimas de la luna
250 ## - MENCION DE EDICION
Mención de edición Primera edición: mayo 2026
300 ## - DESCRIPCIÓN FÍSICA
Extensión 142 páginas
Dimensiones 21 cm
336 ## - TIPO DE CONTENIDO
Fuente rdacontent
Término de tipo de contenido texto
337 ## - TIPO DE MEDIO
Fuente rdamedia
Nombre/término del tipo de medio sin mediación
338 ## - TIPO DE SOPORTE
Fuente rdacarrier
Nombre/término del tipo de soporte volumen
500 ## - NOTA GENERAL
Nota general Registro provisional. DJ-41. Depósito J
852 ## - LOCALIZACIÓN
Ubicación ES-MaACL
Ubicación en estantería Depósito J
Número de control de estantería DJ-41
Encuadernación Encuadenación rustica con solapas
Nota libre En proceso
942 ## - ELEMENTOS DE ENTRADA SECUNDARIOS (KOHA)
Fuente del sistema de clasificación o colocación Clasificación decimal universal
Tipo de ítem Koha Libro impreso
Suprimir en OPAC No

No items available.